000 00694nam a2200253Ia 4500
003 OSt
005 20220925214145.0
006 a|||||r|||| 00| 0
007 ta
008 220923b |||||||| |||| 00| 0 eng d
020 _a0856645222
037 _cGeneral Book
040 _aRTL
_cRTL
_beng
041 _2eng
_aeng
082 _aX:75.5.N7, L8
100 _aHayward Jack
_976092
245 0 _aPlanning in Europe
260 _aLondon
_bCroom Helm UK
_c1973
300 _a199p. Bibp 193-94
_ccm.
650 _aEconomics
700 _a Narkiewicz Olga A
_9114637
942 _hX:75.5.N7, L8
_cGB
_2CC
999 _c564605
_d564605